Deutschland - Allgemeinwissen #6 - Statistiken

Allgemein
  • Dieses Quiz wurde 3.251 mal gespielt
    3.178 seit der letzten Aktualisierung
  • Das Durchschnittsergebnis liegt bei 11 aus 22
Antwortstatistiken
Frage Antwort % Korrekt
Welche Autofirma hat ihren Sitz in Stuttgart? Mercedes-Benz/Porsche
89%
Wie oft wurde Deutschland Fußballweltmeister der Männer? 4-mal
78%
Welche „Theorie“ entwickelte Albert Einstein? Relativitätstheorie
75%
Welches deutsche Gebäck wird in Lauge getaucht? Brezel
71%
Welche ist die einzige Landeshauptstadt, die keine Großstadt ist? Schwerin
69%
Bei welchem jährlichen Fest wird „Alaaf!“ gerufen? Kölner Karneval
68%
Welcher Fußballverein hat nach Bayern München und Borussia Dortmund die meisten Tore in der Geschichte der Bundesliga geschossen? Werder Bremen
63%
An welchem Platz steht der höchste deutsche Fernsehturm? Alexanderplatz
62%
Welche berühmte deutsche Region beherbergt mehrere Vulkane? Eifel
50%
Welches Verkehrsmittel wurde 1817 in Mannheim erfunden? Laufrad
48%
Neben der Oder bildet welcher Fluss die Deutsch-Polnische Grenze? Neiße
47%
Auf welcher (tektonischen) Kontinentalplatte liegt Deutschland? Eurasische Platte
46%
Welche deutsche Insel liegt am weitesten vom Festland entfernt? Helgoland
44%
In welchem Park steht die Siegessäule? Tiergarten
42%
Vervollständige den Merkspruch: Iller, Lech,... , Inn fließen rechts zur Donau hin. Isar
40%
In welchem mittelalterlichen „Lied“ kommt Siegfried der Drachentöter vor? Nibelungenlied
35%
Was heißt das lateinische Wort „Borussia“ auf Deutsch? (Wie in „Borussia“ Dortmund) Preußen
35%
Wie heißt ein Germane, der hauptverantwortlich für den Sieg in der Varusschlacht war? Hermann
28%
Welche ist die größte Stadt der Sorben und gilt als Zentrum dieser Gruppe? (Sorbischer Name: Budyšin) Bautzen
21%
Wie wird und wurde Friedrich II./ Friedrich der Große noch genannt? Alter Fritz
15%
Wer wählte im Heiligen Römischen Reich den König? Kurfürsten
14%
Wie heißt die größte Insel im Chiemsee? Herreninsel
13%
Keine übereinstimmenden Quizze gefunden
Verteilung der Resultate
Anzahl Personen mit jedem Resultat
Perzentil nach korrekt beantworteten Fragen
Ihre Resultats-Entwicklung
Sie haben dieses Quiz seit der letzten Aktualisierung nicht gespielt